[Event "Invitation"]
[Site "http://www.queenalice.com/game.php?id=212658"]
[Date "2007.5.18"]
[Round "-"]
[White "faxil"]
[Black "machado_campigotto"]
[Result "0-1"]
[WhiteElo "1378"]
[BlackElo "1500"]

1. d4 Nf6 2. Nc3 g6 3. e4 d6 4. Nf3 Bg4 5. h3 Bd7 6. Bc4 Bg7 7. e5 dxe5 8. dxe5
Ng8 9. Qe2 e6 10. O-O Ne7 11. Bg5 O-O 12. Bf6 Bxf6 13. exf6 Nf5 14. Rad1 Qxf6
15. Rxd7 Nxd7 0-1

[Event "Challenge"]
[Site "http://www.queenalice.com/game.php?id=212726"]
[Date "2007.5.18"]
[Round "-"]
[White "HHV"]
[Black "machado_campigotto"]
[Result "0-1"]
[WhiteElo "1223"]
[BlackElo "1639"]

1. e4 c5 2. Bc4 e6 3. Nf3 Nc6 4. Nc3 Nge7 5. O-O d5 6. exd5 exd5 7. Bb5 a6 8.
Bd3 g6 9. Re1 Be6 10. Na4 c4 11. Be2 Bg7 12. c3 O-O 13. Rb1 Qd6 14. g4 b5 0-1

[Event "Challenge"]
[Site "http://www.queenalice.com/game.php?id=224946"]
[Date "2007.6.14"]
[Round "-"]
[White "sunking"]
[Black "machado_campigotto"]
[Result "0-1"]
[WhiteElo "1836"]
[BlackElo "1538"]

1. e4 c5 2. d4 cxd4 3. Qxd4 Nc6 4. Qc4 e6 5. Nd2 d5 6. exd5 Qxd5 7. b3 Qe5+ 8.
Ne2 Qxa1 9. Kd1 Ba3 10. Qc3 Qxc3 11. Nxc3 Bxc1 12. Kxc1 Nf6 13. Bb5 Bd7 14. Re1
O-O 15. Nce4 Nxe4 16. Rxe4 Rac8 17. c4 Rfd8 18. Kd1 Nb4 19. a3 Nd3 20. Ke2 Bxb5
21. cxb5 Rc2 22. Kd1 Rxd2+ 23. Kxd2 Nxf2+ 24. Ke3 Nxe4 25. Kxe4 Rd2 26. Kf3 Rd3+
27. Ke4 Rxb3 28. a4 Rb4+ 29. Ke3 Rxa4 30. Kf3 Rb4 31. Ke3 Rxb5 32. Kf3 Re5 33.
h3 a5 34. Kg3 a4 35. Kf3 a3 36. Kg3 a2 37. Kf3 a1=Q 38. Kg3 Re3+ 39. Kh4 Qf6+
40. Kg4 Qf2 0-1

[Event "Challenge"]
[Site "http://www.queenalice.com/game.php?id=229051"]
[Date "2007.6.22"]
[Round "-"]
[White "totomike"]
[Black "machado_campigotto"]
[Result "0-1"]
[WhiteElo "1601"]
[BlackElo "1785"]

1. e4 c5 2. Bc4 e6 3. Nf3 d6 4. Nc3 Nc6 5. d3 Nf6 6. Bg5 Be7 7. O-O O-O 8. a3 h6
9. Ne2 hxg5 10. Nxg5 Ng4 11. Nf3 Nce5 12. h3 Nxf3+ 13. gxf3 Ne5 14. Bb3 Nxf3+
15. Kg2 Nh4+ 16. Kh2 Qc7 17. Ng3 e5 18. Qh5 Qd7 19. Qg4 Qxg4 20. hxg4 Bxg4 21.
Bd5 g6 22. b3 Kg7 23. Bxb7 Rab8 24. Bd5 Rh8 25. f4 Nf3+ 26. Kg2 Rh2# 0-1

[Event "Challenge"]
[Site "http://www.queenalice.com/game.php?id=233203"]
[Date "2007.7.1"]
[Round "-"]
[White "Denorwaygths"]
[Black "machado_campigotto"]
[Result "0-1"]
[WhiteElo "1879"]
[BlackElo "2016"]

1. Nf3 Nf6 2. Nc3 d5 3. d4 e6 4. Bf4 Bd6 5. Bxd6 Qxd6 6. e3 Nc6 7. Bd3 a6 8. O-O
O-O 9. Nh4 b5 10. a3 e5 11. dxe5 Nxe5 12. f4 Nc4 13. Bxc4 dxc4 14. Qf3 Be6 15.
Rad1 Bg4 16. Rxd6 Bxf3 17. Rxf6 Bxg2 18. Rxf7 Bxf1 19. Rxf8+ Rxf8 20. Kxf1 g5
21. Ng2 gxf4 22. exf4 Rf5 23. Kf2 Kf7 24. Kf3 Rh5 25. Kg3 Rh6 26. Nd5 c6 27.
Nde3 Re6 28. f5 Re8 29. Ng4 Re2 30. N2e3 h5 31. Ne5+ Kf8 32. Kf4 Rxh2 33. Nxc6
Rf2+ 34. Kg3 Re2 35. Kf3 Rd2 36. Ne5 Kg7 37. Kf4 h4 38. Nf3 h3 39. Kg3 Re2 40.
Ng4 Rxc2 41. f6+ Kf8 42. Nh6 c3 43. Nh4 Rg2+ 44. Kxh3 cxb2 45. Kxg2 b1=Q 46.
Ng6+ Qxg6+ 0-1

[Event "AUTO-ADV-598"]
[Site "http://www.queenalice.com/game.php?id=251488"]
[Date "2007.8.6"]
[Round "1"]
[White "machado_campigotto"]
[Black "Horial"]
[Result "1-0"]
[WhiteElo "1895"]
[BlackElo "1895"]

1. e4 c5 2. Nf3 a6 3. d4 cxd4 4. Nxd4 e5 5. Nb3 Nf6 6. Bd3 d5 7. Qe2 Bb4+ 8. c3
dxe4 9. Bxe4 Be7 10. O-O O-O 11. Rd1 Qc7 12. Bc2 Bg4 13. f3 Bh5 14. Be3 Nc6 15.
Qf2 Rad8 16. Rxd8 Bxd8 17. N1d2 Bg6 18. Bxg6 fxg6 19. Qe2 Nd5 20. Ne4 Nxe3 21.
Qxe3 Be7 22. Rd1 Rd8 23. Rxd8+ Nxd8 24. Nec5 a5 25. Nd3 Nf7 26. Qe4 a4 27. Qxa4
Qb6+ 28. Kh1 Qe3 29. Qe8+ Bf8 30. Nbc5 Nd6 31. Qxe5 Qxe5 32. Nxe5 Nc4 33. Nxc4
Bxc5 34. a4 Kf7 35. b4 Bf2 36. Nd6+ Ke6 37. Nxb7 Kd7 38. Nc5+ Bxc5 39. bxc5 Kc6
40. Kg1 Kxc5 41. Kf2 Kb6 42. c4 1-0

[Event "AUTO-ADV-598"]
[Site "http://www.queenalice.com/game.php?id=251489"]
[Date "2007.8.6"]
[Round "1"]
[White "Horial"]
[Black "machado_campigotto"]
[Result "0-1"]
[WhiteElo "1886"]
[BlackElo "1856"]

1. e4 c5 2. d4 cxd4 3. c3 dxc3 4. Nxc3 d6 5. Bc4 e6 6. Nf3 Nc6 7. O-O Nf6 8. Bg5
Be7 9. Qe2 h6 10. Bh4 O-O 11. Rfd1 Qc7 12. Rac1 a6 13. Bg3 e5 14. Bd5 Bg4 15. h3
Nd4 16. Qe3 Bxf3 17. gxf3 Qb6 18. Bb3 Qb4 19. Ne2 Nxb3 20. Qxb3 Qxb3 21. axb3
Rac8 22. Nc3 Rc6 23. f4 Rfc8 24. fxe5 Nxe4 25. exd6 Bxd6 26. Bxd6 Nxd6 27. f3
Nb5 28. Rd7 Rb6 29. Kg2 Nxc3 30. bxc3 Rxb3 31. c4 a5 32. Ra1 b6 33. Rb7 Rb4 34.
Kg3 Rcxc4 35. Ra3 g5 36. Re7 a4 37. Rb7 Rb2 38. Re3 Kg7 39. Ra3 h5 40. h4 Rxh4
0-1

[Event "AUTO-ADV-598"]
[Site "http://www.queenalice.com/game.php?id=251492"]
[Date "2007.8.6"]
[Round "1"]
[White "machado_campigotto"]
[Black "jalvez"]
[Result "1/2-1/2"]
[WhiteElo "1754"]
[BlackElo "2002"]

1. e4 e5 2. Nc3 Nc6 3. f4 d6 4. Nf3 Nf6 5. Bc4 h6 6. d3 Be7 7. O-O Bg4 8. Bb5
O-O 9. Bxc6 bxc6 10. fxe5 dxe5 11. Be3 Bd6 12. Qd2 Kh7 13. Qf2 Qb8 14. Rab1 a6
15. Nh4 Nd7 16. h3 Be6 17. g4 Qd8 18. Nf5 Bxf5 19. exf5 f6 20. Ne4 Qe7 21. Qh4
Nc5 22. Kh1 1/2-1/2

[Event "AUTO-ADV-598"]
[Site "http://www.queenalice.com/game.php?id=251493"]
[Date "2007.8.6"]
[Round "1"]
[White "jalvez"]
[Black "machado_campigotto"]
[Result "0-1"]
[WhiteElo "1880"]
[BlackElo "1809"]

1. e4 e6 2. d4 d5 3. exd5 exd5 4. Bd3 Bd6 5. Nf3 Nf6 6. Bg5 Qe7+ 7. Qe2 Qxe2+ 8.
Bxe2 Ne4 9. Be3 O-O 10. h3 f5 11. Ne5 f4 12. Bd2 c5 13. c3 Bxe5 14. dxe5 Nc6 15.
Bg4 Bxg4 16. hxg4 Nxe5 17. f3 Nd3+ 18. Ke2 Ng3+ 19. Kxd3 Nxh1 20. Na3 Ng3 21.
Re1 Rae8 22. Rxe8 Rxe8 23. Bxf4 c4+ 24. Kd2 Re2+ 25. Kd1 Rxg2 26. Nc2 Ne2 27.
Be5 Ng1 28. f4 Rxg4 29. Ne3 Rg3 30. Bd4 Nh3 31. Nf5 Rg2 32. Ne7+ Kf7 33. Nxd5
Rxb2 34. a3 b6 35. Be5 h5 36. Ne3 b5 37. f5 h4 38. Bd4 a5 39. Nc2 Rb1+ 40. Ke2
Nf4+ 41. Kf3 h3 42. Kg3 Rb2 0-1

[Event "AUTO-ADV-598"]
[Site "http://www.queenalice.com/game.php?id=375027"]
[Date "2008.3.21"]
[Round "2"]
[White "RedMosquito"]
[Black "machado_campigotto"]
[Result "0-1"]
[WhiteElo "1899"]
[BlackElo "1972"]

1. c4 e5 2. Nc3 Nf6 3. d4 exd4 4. Qxd4 Nc6 5. Qd1 Bb4 6. Bd2 d6 7. Nf3 O-O 8. e3
Bf5 9. Be2 Bxc3 10. Bxc3 Ne4 11. Bd4 Re8 12. O-O a5 13. Qb3 a4 14. Qxb7 Qd7 15.
Qb5 Ra5 0-1

[Event "AUTO-ADV-598"]
[Site "http://www.queenalice.com/game.php?id=375028"]
[Date "2008.3.21"]
[Round "2"]
[White "machado_campigotto"]
[Black "RedMosquito"]
[Result "1-0"]
[WhiteElo "2030"]
[BlackElo "1923"]

1. d4 Nf6 2. c4 e6 3. Nf3 d5 4. Nc3 Bb4 5. Bg5 O-O 6. e3 c5 7. cxd5 exd5 8. dxc5
Bxc3+ 9. bxc3 Nc6 10. c4 Qa5+ 11. Qd2 Qxd2+ 12. Nxd2 Ne4 13. cxd5 Nxg5 14. dxc6
bxc6 15. Bd3 Be6 16. h4 Rfd8 17. Bc2 Rd5 18. hxg5 Rxg5 19. Bxh7+ Kf8 20. Be4 Ke7
21. Rc1 1-0

[Event "AUTO-ADV-598"]
[Site "http://www.queenalice.com/game.php?id=375029"]
[Date "2008.3.21"]
[Round "2"]
[White "Marchess"]
[Black "machado_campigotto"]
[Result "0-1"]
[WhiteElo "1993"]
[BlackElo "1992"]

1. e4 c5 2. Nf3 d6 3. d4 cxd4 4. Nxd4 Nf6 5. Nc3 a6 6. Be2 e5 7. Nb3 Be6 8. Bg5
Be7 9. Qd2 Nbd7 10. f3 h6 11. Be3 b5 12. Rd1 Nb6 13. O-O Qc7 14. Nc1 b4 15. Nb1
d5 16. exd5 Nfxd5 17. Kh1 Bg5 18. Bxg5 hxg5 19. Qxg5 f6 20. Qg6+ Kf8 21. Rd2 a5
22. Nd3 e4 23. f4 exd3 24. Rxd3 Nxf4 25. Qg3 Nbd5 26. Rxd5 Nxd5 0-1

[Event "AUTO-ADV-598"]
[Site "http://www.queenalice.com/game.php?id=375030"]
[Date "2008.3.21"]
[Round "2"]
[White "machado_campigotto"]
[Black "Marchess"]
[Result "1-0"]
[WhiteElo "1941"]
[BlackElo "1993"]

1. e4 c6 2. d4 d5 3. e5 Bf5 4. Nc3 e6 5. g4 Bg6 6. Nge2 Nd7 7. h4 h5 8. Nf4 Ne7
9. Nxg6 Nxg6 10. gxh5 Nxh4 11. Qg4 Nf5 12. Bd3 g6 13. Be3 Nxe3 14. fxe3 Be7 15.
O-O-O g5 16. h6 f5 17. Qh5+ Kf8 18. Qg6 Rg8 19. Qxe6 Nxe5 20. Qxf5+ Nf7 21. Rdf1
Qe8 22. h7 Rh8 23. Qe5 1-0

[Event "Challenge"]
[Site "http://www.queenalice.com/game.php?id=404665"]
[Date "2008.5.18"]
[Round "-"]
[White "machado_campigotto"]
[Black "Gil"]
[Result "1-0"]
[WhiteElo "2046"]
[BlackElo "2273"]

1. e4 c5 2. Nf3 Nc6 3. d4 cxd4 4. Nxd4 Nf6 5. Nc3 d6 6. Bc4 Qb6 7. Nb3 e6 8. O-O
Be7 9. Be3 Qc7 10. f4 a6 11. a3 b5 12. Bd3 1-0